000 00341nam a22001457a 4500
008 210309b ||||| |||| 00| 0 eng d
020 _a9780618394821
041 _aeng
080 _a51
082 _251
100 _a37
101 _aMAT
245 _aIntructor's Solutions Guide and Test Item File
_cBruce H. Edwards
942 _2udc
_cBK
999 _c56076
_d56076